000 01033cad a22002295a 4500
001 E151460
008 101108s2010 xxk f s000 0 eng d
020 _a9780755997282
035 _a(Sirsi) u151460
041 0 _aeng
110 2 _aLaurence Gould Partnership
_95889
245 0 2 _aA Scottish farm-based greenhouse gas accounting tool
_ba review of existing tools and recommendations for improved emissions accounting and reporting within agriculture and horticulture
_h[electronic resource]
260 _aEdinburgh
_bScottish Government
_c2010
520 _aSets out the best greenhouse gas accounting tool which Scottish farmers can use to target climate change mitigation actions.
521 _aAdvanced
590 _aKA
651 4 _aScotland
_y1999-
690 _aENVIRONMENTAL AND LAND CONSULTANCY-ENERGY-ENERGY USE-ENERGY EFFICIENCY
710 1 _aBest Foot Forward
856 4 0 _uhttps://www.scotland.gov.uk/Publications/2010/10/28083913/0
_zView the publication free of charge at www.scotland.gov.uk...
942 _n0
999 _c111383
_d111383